Machine tool practices / (Record no. 70415)

000 -LEADER
fixed length control field 00873pam a2200277 a 4500
001 - CONTROL NUMBER
control field 652758
003 - CONTROL NUMBER IDENTIFIER
control field NUST - PNEC
005 - DATE AND TIME OF LATEST TRANSACTION
control field 20170116181139.0
008 - FIXED-LENGTH DATA ELEMENTS--GENERAL INFORMATION
fixed length control field 940601s1995 njua 001 0 eng
010 ## - LIBRARY OF CONGRESS CONTROL NUMBER
LC control number 94021048
020 ## - INTERNATIONAL STANDARD BOOK NUMBER
International Standard Book Number 0131376470
040 ## - CATALOGING SOURCE
Original cataloging agency DLC
Transcribing agency LIBRARY
Modifying agency DLC
050 00 - LIBRARY OF CONGRESS CALL NUMBER
Classification number TJ1185
Item number .M224 1995
082 00 - DEWEY DECIMAL CLASSIFICATION NUMBER
Classification number 621.802 KIB
Edition number 20
100 ## - MAIN ENTRY--PERSONAL NAME
9 (RLIN) 14539
Personal name Kibbe, Richard R
245 00 - TITLE STATEMENT
Title Machine tool practices /
Statement of responsibility, etc. Richard R. Kibbe ... [et al.].
250 ## - EDITION STATEMENT
Edition statement 5th ed.
260 ## - PUBLICATION, DISTRIBUTION, ETC.
Place of publication, distribution, etc. Englewood Cliffs, N.J. :
Name of publisher, distributor, etc. Prentice Hall,
Date of publication, distribution, etc. c1995.
300 ## - PHYSICAL DESCRIPTION
Extent xiii, 864 p. :
Other physical details ill. ;
Dimensions 29 cm.
500 ## - GENERAL NOTE
General note Includes index.
650 #0 - SUBJECT ADDED ENTRY--TOPICAL TERM
Topical term or geographic name entry element Machine-tools.
General subdivision ME
650 #0 - SUBJECT ADDED ENTRY--TOPICAL TERM
Topical term or geographic name entry element Machine-shop practice.
700 1# - ADDED ENTRY--PERSONAL NAME
Personal name Kibbe, Richard R.
942 ## - ADDED ENTRY ELEMENTS (KOHA)
Source of classification or shelving scheme
Koha item type Book
Holdings
Withdrawn status Lost status Source of classification or shelving scheme Damaged status Not for loan Permanent Location Current Location Shelving location Date acquired Total Checkouts Full call number Barcode Date last seen Price effective from Koha item type
          Pakistan Navy Engineering College (PNEC) Pakistan Navy Engineering College (PNEC)   10/07/2015   621.802 KIB PNECLIB-018794 10/07/2015   Book
© 2023 Central Library, National University of Sciences and Technology. All Rights Reserved.